Θέματα Παιδικής Λογοτεχνίας / Συζητήσεις (Record no. 2255)
[ view plain ]
| 000 -LEADER | |
|---|---|
| fixed length control field | 01732cam a22002174a 4500 |
| 005 - ΗΜΕΡΟΜΗΝΙΑ ΚΑΙ ΩΡΑ ΤΕΛΕΥΤΑΙΑΣ ΕΝΗΜΕΡΩΣΗΣ | |
| Πεδίο ελέγχου | 20250605164035.0 |
| 008 - FIXED-LENGTH DATA ELEMENTS--GENERAL INFORMATION | |
| Πεδίο ελέγχου σταθερού μήκους | 250528s ||||||||||||||||||||||||d |
| 035 ## - SYSTEM CONTROL NUMBER | |
| System control number | 16792 |
| 020 ## - ISBN | |
| ISBN | 9600304165 |
| 040 ## - ΠΗΓΗ ΚΑΤΑΛΟΓΟΓΡΑΦΗΣΗΣ | |
| Φορέας πρωτότυπης καταλογογράφησης | MC Athens Campus Library |
| Γλώσσα καταλογογράφησης | Ελληνικά, Μοντέρνα (1453-) |
| Modifying agency | MC Athens Campus Library |
| Κανόνες περιγραφικής καταλογογράφησης | AACR2 |
| 245 1# - ΤΙΤΛΟΣ ΚΑΙ ΔΗΛΩΣΗ ΥΠΕΥΘΥΝΟΤΗΤΑΣ | |
| Τίτλος | Θέματα Παιδικής Λογοτεχνίας / Συζητήσεις |
| 250 ## - EDITION STATEMENT | |
| Edition statement | 1 |
| 260 ## - PUBLICATION, DISTRIBUTION, ETC. | |
| Name of publisher, distributor, etc. | Καστανιώτη, |
| Date of publication, distribution, etc. | 1990 |
| 300 ## - PHYSICAL DESCRIPTION | |
| Extent | 246 |
| 505 0# - FORMATTED CONTENTS NOTE | |
| Formatted contents note | Εισαγωγή, Έλλη Αλεξίου, Ιωάννα Αναγνώστου-Μπουλουβάλα, Γιώργος Βάρλαμος, Δημήτρης Γιάκος, Γεωργία Δεληγίαννα-Αναστασιάδη, Κωνσταντίνος Δερμετζής, Ρένα Καρθαίου, Ξένη Κερασιώτη, Πηνελόπη Μαξίμου, Πώλ Μένεστρελ, Λίλη Πεζοπούλου, Τατιάνα Σταύρου, Καλλιόπη Σφαέλου, Γεωργία Ταρσούλη, Φωτεινή Τζωρτζάκη, Πιπίνα Τσιμικάλη. |
| 520 ## - SUMMARY, ETC. | |
| Summary, etc. | Εισαγωγή, Έλλη Αλεξίου, Ιωάννα Αναγνώστου-Μπουλουβάλα, Γιώργος Βάρλαμος, Δημήτρης Γιάκος, Γεωργία Δεληγίαννα-Αναστασιάδη, Κωνσταντίνος Δερμετζής, Ρένα Καρθαίου, Ξένη Κερασιώτη, Πηνελόπη Μαξίμου, Πώλ Μένεστρελ, Λίλη Πεζοπούλου, Τατιάνα Σταύρου, Καλλιόπη Σφαέλου, Γεωργία Ταρσούλη, Φωτεινή Τζωρτζάκη, Πιπίνα Τσιμικάλη. |
| 700 1# - ΠΡΟΣΘΕΤΗ ΑΝΑΓΡΑΦΗ--ΦΥΣΙΚΟ ΠΡΟΣΩΠΟ | |
| Personal name | Αναγνωστόπουλος Β.Δ |
| 9 (RLIN) | 2882 |
| 942 ## - ADDED ENTRY ELEMENTS (KOHA) | |
| Koha item type | Books |
| Τύπος τεκμηρίου | Βιβλιοθήκη | Τρέχουσα τοποθεσία | Barcode | Αριθμός εισαγωγής | Ημερομηνία απόκτησης | Ταξιθετικό σύμβολο | Αριθμός αντιτύπου | Κατάσταση απόσυρσης | Κατάσταση χαμένου | Κατάσταση κατεστραμμένου | Μη δανεισμός | Σύνολο δανεισμών | Ημερομηνία τελευταίας εμφάνισης | Η τιμή ισχύει από |
|---|---|---|---|---|---|---|---|---|---|---|---|---|---|---|
| Books | MC Athens Campus Library | MC Athens Campus Library | 9780000022547 | 5037 | 05/06/2025 | 889.09009282 ANA | 1 | 05/06/2025 | 05/06/2025 |